[Event "Balaguer op"]
[Site "?"]
[Date "2012.06.19"]
[Round "4"]
[White "Puig Carres, J."]
[Black "Vera Balague, G."]
[Result "1/2-1/2"]
[WhiteElo "1843"]
[BlackElo "2031"]
[PlyCount "86"]
[EventDate "2012.??.??"]
[EventType "swiss"]
[EventRounds "9"]

1. c4 e5 2. Nc3 Nc6 3. g3 g6 4. Bg2 Bg7 5. d3 d6 6. Nf3 h6 7. Rb1 a5 8. O-O f5
9. e4 Nd4 10. exf5 Nxf3+ 11. Bxf3 Bxf5 12. Bxb7 Rb8 13. Bc6+ Bd7 14. Be4 Ne7
15. Nd5 Nf5 16. Ne3 O-O 17. Nxf5 gxf5 18. Bg2 Qe8 19. Bd2 a4 20. Ba5 Bc6 21.
Bxc6 Qxc6 22. Qh5 f4 23. Bd2 f3 24. Bxh6 Rf6 25. Bxg7 Kxg7 26. Rfe1 Rh8 27.
Qg4+ Kf7 28. Re4 Rhh6 29. Rbe1 Qb6 30. Qd7+ Kf8 31. Rf1 Qxb2 32. Qd8+ Kf7 33.
Qxc7+ Kf8 34. Qd8+ Kf7 35. Qd7+ Kf8 36. Qxa4 Qb7 37. Qb5 Qc8 38. Rb1 Qh3 39.
Qb8+ Kg7 40. Rb7+ Rf7 41. Rxf7+ Kxf7 42. Qc7+ Ke8 43. Qb8+ Ke7 1/2-1/2

[Event "Balaguer op"]
[Site "?"]
[Date "2012.06.19"]
[Round "4"]
[White "Quintas Galeano, L."]
[Black "Campos Moreno, J."]
[Result "0-1"]
[WhiteElo "2148"]
[BlackElo "2488"]
[PlyCount "96"]
[EventDate "2012.??.??"]
[EventType "swiss"]
[EventRounds "9"]

1. e4 c5 2. Nc3 d6 3. Nf3 Nf6 4. d4 cxd4 5. Nxd4 g6 6. Be2 Bg7 7. Be3 O-O 8.
O-O Nc6 9. Nb3 a5 10. a4 Nb4 11. f4 Bd7 12. Bf3 Bc6 13. Nd4 Qb8 14. Qe2 e5 15.
Ndb5 d5 16. exd5 Nbxd5 17. Nxd5 Nxd5 18. Bxd5 Bxd5 19. Bc5 Rd8 20. Rad1 exf4
21. c4 Bc6 22. Rxd8+ Qxd8 23. Be7 Qd7 24. Rd1 Qf5 25. Nd6 Qc5+ 26. Kf1 f3 27.
gxf3 Qh5 28. Ne4 Qh3+ 29. Kg1 Re8 30. Rd8 Rxd8 31. Bxd8 Bd4+ 32. Kh1 b6 33. Qd1
Bxe4 34. fxe4 Qe3 35. Kg2 Qf2+ 36. Kh3 Be5 37. Qh1 Qe3+ 38. Kh4 h6 39. Qg2 Qd3
40. Be7 Qd7 41. Ba3 h5 42. Qe2 Qd4 43. Kh3 Qg1 44. b3 g5 45. Be7 Kg7 46. Bd8
Kg6 47. Be7 g4+ 48. Kh4 Bxh2 0-1

[Event "Balaguer op"]
[Site "?"]
[Date "2012.06.19"]
[Round "4"]
[White "Ramon Perez, JL."]
[Black "Ayza Casamitjana, A."]
[Result "1-0"]
[WhiteElo "2249"]
[BlackElo "1868"]
[PlyCount "41"]
[EventDate "2012.??.??"]
[EventType "swiss"]
[EventRounds "9"]

1. e4 c5 2. Nf3 e6 3. d4 cxd4 4. Nxd4 Nf6 5. Nc3 Nc6 6. Be2 Bb4 7. O-O O-O 8.
Nxc6 dxc6 9. e5 Nd5 10. Ne4 Be7 11. c4 Nb6 12. Qb3 c5 13. Rd1 Qc7 14. Qg3 f5
15. Bh6 Rf7 16. Bh5 Bf8 17. Bxf7+ Kxf7 18. Nd6+ Kg8 19. Ne8 Qe7 20. Nxg7 Kh8
21. Bg5 1-0

[Event "Balaguer op"]
[Site "?"]
[Date "2012.06.19"]
[Round "4"]
[White "Ramon Solans, A."]
[Black "Amigo Cervello, J."]
[Result "1-0"]
[WhiteElo "2281"]
[BlackElo "1893"]
[PlyCount "65"]
[EventDate "2012.??.??"]
[EventType "swiss"]
[EventRounds "9"]

1. d4 Nf6 2. c4 g6 3. Nc3 d5 4. e3 c6 5. Nf3 Bg4 6. Qb3 Qb6 7. c5 Qxb3 8. axb3
Bg7 9. b4 O-O 10. Ne5 Nbd7 11. f3 Be6 12. Nd3 Rfb8 13. Nf4 b6 14. Nxe6 fxe6 15.
f4 bxc5 16. bxc5 a5 17. Bd3 Ne8 18. g4 Nc7 19. h4 Nb5 20. Nxb5 cxb5 21. Bd2 b4
22. Ra4 Nxc5 23. dxc5 Bxb2 24. Ke2 Rc8 25. h5 d4 26. hxg6 hxg6 27. Bxg6 Bc3 28.
Be4 Ra7 29. exd4 Bxd4 30. Bxb4 Bxc5 31. Rxa5 Rxa5 32. Bxa5 Bd4 33. Rd1 1-0

[Event "Balaguer op"]
[Site "?"]
[Date "2012.06.19"]
[Round "4"]
[White "Sanikidze, T."]
[Black "Roeder, M."]
[Result "1-0"]
[WhiteElo "2596"]
[BlackElo "2434"]
[PlyCount "56"]
[EventDate "2012.??.??"]
[EventType "swiss"]
[EventRounds "9"]

1. d4 Nf6 2. c4 e6 3. Nf3 b6 4. e3 Bb7 5. Nc3 Bb4 6. Bd3 c5 7. O-O cxd4 8. exd4
O-O 9. Bg5 Bxc3 10. bxc3 d6 11. a4 a5 12. Nd2 h6 13. Bh4 Nbd7 14. Ne4 Bxe4 15.
Bxe4 d5 16. Bd3 dxc4 17. Bxc4 Qc7 18. Qe2 Nd5 19. Rac1 Nf4 20. Qa2 Rfc8 21. Bb5
Qb7 22. f3 Nf8 23. Bg3 N8g6 24. c4 h5 25. Qd2 Qc7 26. c5 bxc5 27. Rxc5 Qd6 28.
Rxh5 Qxd4+ 1-0

[Event "Balaguer op"]
[Site "?"]
[Date "2012.06.19"]
[Round "4"]
[White "Sole Castañe, J."]
[Black "Montoliu Daroca, I."]
[Result "1-0"]
[WhiteElo "1656"]
[BlackElo "1803"]
[PlyCount "119"]
[EventDate "2012.??.??"]
[EventType "swiss"]
[EventRounds "9"]

1. d4 Nf6 2. c4 c5 3. Nf3 cxd4 4. Nxd4 g6 5. Nc3 Bg7 6. e3 Nc6 7. Be2 O-O 8.
O-O b6 9. Bf3 Bb7 10. b3 Rc8 11. Bb2 a6 12. Rc1 Qc7 13. Qe2 e6 14. Rfd1 h6 15.
h3 Nh7 16. Nxc6 dxc6 17. Ne4 e5 18. Nd6 Rcd8 19. Nxb7 Qxb7 20. Rxd8 Rxd8 21. g3
Ng5 22. Bg2 Qd7 23. h4 Ne6 24. Bf3 e4 25. Bxe4 Qd2 26. Rc2 Qd6 27. Bxg7 Kxg7
28. Qf3 Rc8 29. Qe2 Rd8 30. Kf1 Nf8 31. h5 f5 32. Bf3 g5 33. g4 fxg4 34. Bxg4
Qh2 35. Qf3 Qd6 36. Qe4 Kg8 37. Rc1 Qd2 38. Qc2 Qd6 39. Rd1 Qe7 40. Rxd8 Qxd8
41. Bf5 Qf6 42. Ke2 Qf7 43. Bg4 Qf6 44. Bf3 Kg7 45. Qd2 Kg8 46. Qd4 Qxd4 47.
exd4 c5 48. d5 Kg7 49. Ke3 Kf6 50. Bg4 Ke5 51. a3 a5 52. Kd3 Nh7 53. Kc3 Nf6
54. f3 Kf4 55. d6 Nxg4 56. fxg4 Kxg4 57. d7 Kh3 58. d8=Q g4 59. Qa8 g3 60. Qh1+
1-0

[Event "Balaguer op"]
[Site "?"]
[Date "2012.06.19"]
[Round "4"]
[White "Vidal Rosell, J."]
[Black "Barbosa Martinez, M."]
[Result "1-0"]
[WhiteElo "1872"]
[BlackElo "1724"]
[PlyCount "45"]
[EventDate "2012.??.??"]
[EventType "swiss"]
[EventRounds "9"]

1. e4 c6 2. f4 d5 3. e5 e6 4. Nf3 Qb6 5. d4 c5 6. c3 cxd4 7. cxd4 Bb4+ 8. Nc3
Nc6 9. a3 Bxc3+ 10. bxc3 Nge7 11. Bd3 Ng6 12. O-O O-O 13. Kh1 f5 14. g4 fxg4
15. Ng5 Nce7 16. Qxg4 Nf5 17. Qh5 Nh6 18. Nxh7 Ne7 19. Rg1 Rf7 20. Qxh6 Nf5 21.
Nf6+ Kf8 22. Qh8+ Ke7 23. Qe8# 1-0

[Event "Balaguer op"]
[Site "?"]
[Date "2012.06.19"]
[Round "4"]
[White "Westerinen, H."]
[Black "Purgimon Diaz, J."]
[Result "1-0"]
[WhiteElo "2345"]
[BlackElo "1982"]
[PlyCount "131"]
[EventDate "2012.??.??"]
[EventType "swiss"]
[EventRounds "9"]

1. e4 c5 2. Nf3 e6 3. c3 d5 4. exd5 Qxd5 5. d4 Nf6 6. Be2 Nc6 7. O-O cxd4 8.
cxd4 Be7 9. Nc3 Qd6 10. h3 a6 11. Be3 b5 12. Rc1 O-O 13. Qd2 Bb7 14. Rfd1 Rac8
15. Bf4 Qd8 16. Qe1 Nb4 17. Be5 Nbd5 18. a4 b4 19. Nb1 Qa5 20. Nbd2 Rfd8 21.
Nc4 Qxa4 22. Ra1 Qd7 23. Na5 Ra8 24. Qf1 h6 25. Nxb7 Qxb7 26. Bxa6 Qb6 27. Rdc1
Bd6 28. Qb5 Qxb5 29. Bxb5 Rxa1 30. Rxa1 Bxe5 31. dxe5 Nd7 32. g3 N7b6 33. Kf1
Rc8 34. Bd3 Ra8 35. Rxa8+ Nxa8 36. Ke2 Nab6 37. Nd2 Kf8 38. Nc4 Na4 39. Be4 Ke8
40. Kd2 Kd7 41. Kc2 b3+ 42. Kd3 Nb4+ 43. Kd2 Nc5 44. Bg2 f6 45. Kc3 Nba6 46.
exf6 gxf6 47. Nd2 Kd6 48. Nc4+ Kc7 49. Na5 Kb6 50. Nxb3 Na4+ 51. Kc2 Nb4+ 52.
Kd2 e5 53. Bf1 Kc6 54. Na5+ Kd5 55. Nc4 Kd4 56. Be2 Nc5 57. Nd6 Na4 58. Nf5+
Kc5 59. b3 Nb6 60. Nxh6 N6d5 61. h4 Nc6 62. Nf5 Nc7 63. h5 Ne6 64. h6 Nf8 65.
Bc4 Na5 66. Bg8 1-0

[Event "Balaguer op"]
[Site "?"]
[Date "2012.06.20"]
[Round "5"]
[White "Aloma Vidal, R."]
[Black "Codina Garcia, J."]
[Result "1-0"]
[WhiteElo "2400"]
[BlackElo "2124"]
[PlyCount "67"]
[EventDate "2012.??.??"]
[EventType "swiss"]
[EventRounds "9"]

1. d4 d5 2. c4 c6 3. Nf3 Nf6 4. Qb3 e6 5. Bg5 Be7 6. e3 Nbd7 7. Nc3 O-O 8. Bd3
dxc4 9. Bxc4 Nd5 10. Bxe7 Qxe7 11. O-O N5b6 12. Bd3 e5 13. Rfe1 h6 14. a4 Rb8
15. Rac1 Re8 16. Bb1 Qf8 17. a5 Na8 18. Ne4 Nc7 19. Qc2 f5 20. Ng3 g6 21. e4 f4
22. Ne2 Kh7 23. Rcd1 a6 24. Qd2 g5 25. Nc1 Nb5 26. b4 Kg7 27. dxe5 Nxe5 28.
Nxe5 Rxe5 29. Qb2 Qf6 30. Nd3 Re8 31. e5 Qe7 32. Nc5 Kg8 33. e6 Nc7 34. Bg6 1-0

[Event "Balaguer op"]
[Site "?"]
[Date "2012.06.20"]
[Round "5"]
[White "Aloy Piulats, R."]
[Black "Llacuna Cufi, S."]
[Result "0-1"]
[WhiteElo "1805"]
[BlackElo "1986"]
[PlyCount "80"]
[EventDate "2012.??.??"]
[EventType "swiss"]
[EventRounds "9"]

1. e4 c5 2. Nf3 e6 3. c3 d5 4. exd5 Qxd5 5. d3 Nf6 6. c4 Qd8 7. a3 Nc6 8. Bg5
Be7 9. Nc3 O-O 10. Be2 Bd7 11. O-O a6 12. h3 Qc7 13. Qc2 Ne5 14. Bxf6 Bxf6 15.
Ne4 Be7 16. Rab1 f5 17. Nxe5 Qxe5 18. f4 Qd4+ 19. Nf2 Qxf4 20. Bf3 Rab8 21. b4
cxb4 22. axb4 Bd6 23. Nh1 Be5 24. Qe2 Bd4+ 25. Nf2 Rf6 26. Rbe1 Rg6 27. Kh1 Bc3
28. Bh5 Bxe1 29. Bxg6 Bxb4 30. Bh5 Bd6 31. Ng4 Qg5 32. Ne5 Qg3 33. d4 Bc6 34.
Bf7+ Kh8 35. d5 Bxe5 36. Kg1 Qh2+ 37. Kf2 Re8 38. Bxe6 Rxe6 39. dxe6 Qxg2+ 40.
Ke1 Bc3+ 0-1

[Event "Balaguer op"]
[Site "?"]
[Date "2012.06.20"]
[Round "5"]
[White "Amigo Cervello, J."]
[Black "Casas Torres, P."]
[Result "0-1"]
[WhiteElo "1893"]
[BlackElo "1611"]
[PlyCount "80"]
[EventDate "2012.??.??"]
[EventType "swiss"]
[EventRounds "9"]

1. d4 Nf6 2. Bg5 g6 3. Bxf6 exf6 4. e3 Bg7 5. Bd3 d6 6. Nd2 O-O 7. c3 c5 8. Qf3
f5 9. h3 h5 10. Ne2 Nc6 11. O-O-O Bd7 12. Kb1 h4 13. g4 fxg4 14. hxg4 b6 15.
Rdg1 g5 16. Qe4 Re8 17. Qh7+ Kf8 18. Bf5 d5 19. Nf3 Bxf5+ 20. gxf5 f6 21. Nxh4
Qd7 22. Ng6+ Kf7 23. Qh5 Qxf5+ 24. Kc1 Qxg6 25. Qf3 Qe4 26. Qh5+ Qg6 27. Qf3
Rad8 28. Nf4 Qe4 29. Qh5+ Ke7 30. Ng6+ Kd6 31. dxc5+ bxc5 32. Rg4 Qe6 33. Qh2+
Kd7 34. Qg2 Ne5 35. Nf4 Qxg4 36. Qxd5+ Ke7 37. Qxc5+ Rd6 38. Nd5+ Ke6 39. Nc7+
Kd7 40. Nxe8 Nd3+ 0-1

[Event "Balaguer op"]
[Site "?"]
[Date "2012.06.20"]
[Round "5"]
[White "Amigo Vilalta, J."]
[Black "Obregon Rivero, JC."]
[Result "1/2-1/2"]
[WhiteElo "2242"]
[BlackElo "2485"]
[PlyCount "60"]
[EventDate "2012.??.??"]
[EventType "swiss"]
[EventRounds "9"]

1. d4 Nf6 2. c4 g6 3. Nc3 d5 4. Bf4 Bg7 5. e3 c6 6. Bd3 O-O 7. h3 dxc4 8. Bxc4
Nbd7 9. Nf3 Nb6 10. Bd3 Nbd5 11. Be5 Nxc3 12. bxc3 Qa5 13. Qd2 b6 14. O-O Ba6
15. Rfd1 Rfd8 16. e4 Rac8 17. Qe2 Bb7 18. a4 Bh6 19. Bc4 Rf8 20. Qd3 Ne8 21.
Nd2 Bxd2 22. Qxd2 Ba6 23. Bb3 c5 24. d5 c4 25. Bc2 Qc5 26. Bd4 Qc7 27. Qh6 Rd8
28. f4 Bc8 29. Be5 Qc5+ 30. Bd4 Qc7 1/2-1/2

[Event "Balaguer op"]
[Site "?"]
[Date "2012.06.20"]
[Round "5"]
[White "Argerich Farras, J."]
[Black "Martinez Lopez, I."]
[Result "1/2-1/2"]
[WhiteElo "2133"]
[BlackElo "2302"]
[PlyCount "94"]
[EventDate "2012.??.??"]
[EventType "swiss"]
[EventRounds "9"]

1. Nf3 Nf6 2. d4 d5 3. Bf4 e6 4. e3 c5 5. c4 cxd4 6. exd4 Nbd7 7. Nc3 dxc4 8.
Bxc4 Nb6 9. Bb3 Bb4 10. O-O O-O 11. Bg5 h6 12. Bh4 Bd7 13. Ne5 Rc8 14. Qf3 Bc6
15. Nxc6 Rxc6 16. Ne4 Be7 17. Bxf6 Bxf6 18. Nxf6+ Qxf6 19. Qxf6 gxf6 20. Rfd1
Rd8 21. Rd2 a5 22. a3 a4 23. Ba2 Nc4 24. Bxc4 Rxc4 25. Rad1 Rd5 26. Kf1 Kg7 27.
Ke2 Kg6 28. Rd3 h5 29. Rg3+ Kh6 30. Rf3 f5 31. Rfd3 h4 32. f4 Kh5 33. Ke3 Rc2
34. R1d2 Rxd2 35. Kxd2 Kg4 36. g3 hxg3 37. Rxg3+ Kxf4 38. Kc3 Ke4 39. h4 f4 40.
Rg7 Rxd4 41. Rxf7 b5 42. Rxf4+ Kxf4 43. Kxd4 e5+ 44. Kd3 Kf3 45. Kd2 Kf2 46.
Kd3 Kf3 47. Kd2 Kf2 1/2-1/2

[Event "Balaguer op"]
[Site "?"]
[Date "2012.06.20"]
[Round "5"]
[White "Barbero Sendic, A."]
[Black "Kovacevic, S."]
[Result "0-1"]
[WhiteElo "2370"]
[BlackElo "2310"]
[PlyCount "80"]
[EventDate "2012.??.??"]
[EventType "swiss"]
[EventRounds "9"]

1. e4 c5 2. Nf3 e6 3. Nc3 a6 4. d4 cxd4 5. Nxd4 Qc7 6. Bd3 Nf6 7. f4 d6 8. Qf3
Nbd7 9. g4 Nc5 10. g5 Nfd7 11. Be2 b5 12. b4 Na4 13. Nxa4 bxa4 14. a3 g6 15.
Bb2 e5 16. fxe5 Nxe5 17. Qf6 Rg8 18. O-O Bg7 19. Qf2 Qe7 20. Bc1 Bh3 21. Re1 f6
22. b5 axb5 23. Nxb5 fxg5 24. Bb2 Rf8 25. Qe3 g4 26. Qd2 Rd8 27. Qd5 Nf3+ 28.
Bxf3 Bxb2 29. Be2 Bxa1 30. Nc7+ Qxc7 31. Qe6+ Qe7 32. Bb5+ Rd7 33. Bxd7+ Kd8
34. Rxa1 Qxd7 35. Qd5 Qa7+ 36. Kh1 Qc5 37. Qa8+ Ke7 38. Qb7+ Ke6 39. Qxh7 Qf2
40. Qxg6+ Qf6 0-1

[Event "Balaguer op"]
[Site "?"]
[Date "2012.06.20"]
[Round "5"]
[White "Barbosa Martinez, M."]
[Black "Moline Escartin, X."]
[Result "0-1"]
[WhiteElo "1724"]
[BlackElo "1877"]
[PlyCount "88"]
[EventDate "2012.??.??"]
[EventType "swiss"]
[EventRounds "9"]

1. d4 Nf6 2. c4 e5 3. d5 Bb4+ 4. Bd2 Qe7 5. a3 Bxd2+ 6. Nxd2 d6 7. e4 Nbd7 8.
Ngf3 O-O 9. Be2 Nc5 10. Qc2 a5 11. O-O Bg4 12. b4 axb4 13. axb4 Ncd7 14. h3 Bh5
15. Rae1 Bg6 16. Nh4 Nh5 17. Bxh5 Bxh5 18. Nf5 Qg5 19. Re3 Bg6 20. Rg3 Qd8 21.
Nf3 Bxf5 22. exf5 Nf6 23. Nh2 Qe7 24. Ng4 Nxg4 25. Rxg4 Ra3 26. Re1 Rfa8 27. f4
f6 28. fxe5 dxe5 29. c5 Ra2 30. Qc4 Kf8 31. Re3 R2a3 32. Rgg3 Rxe3 33. Rxe3 Qf7
34. g4 c6 35. Rd3 Rd8 36. Qa2 cxd5 37. Ra3 d4 38. Qa1 d3 39. Ra8 Qd5 40. Qa5
Rxa8 41. Qxa8+ Ke7 42. c6 Qxc6 43. Qa3 d2 44. b5+ Qd6 0-1

[Event "Balaguer op"]
[Site "?"]
[Date "2012.06.20"]
[Round "5"]
[White "Bonet Verdu, M."]
[Black "Juan Bartroli, P."]
[Result "0-1"]
[WhiteElo "1811"]
[BlackElo "2000"]
[PlyCount "66"]
[EventDate "2012.??.??"]
[EventType "swiss"]
[EventRounds "9"]

1. c4 c5 2. g3 Nc6 3. Bg2 d6 4. Nc3 g6 5. a3 Bg7 6. Rb1 a5 7. d3 h5 8. Bd2 Bd7
9. Nf3 Nf6 10. O-O O-O 11. Nb5 a4 12. e3 Na7 13. Nxa7 Rxa7 14. Bc3 b5 15. b4
axb3 16. Qxb3 bxc4 17. dxc4 Bc6 18. Qb6 Qxb6 19. Rxb6 Be4 20. Ra1 Rfa8 21. Nd2
Bxg2 22. Kxg2 Rxa3 23. Rxa3 Rxa3 24. Bxf6 Bxf6 25. Ne4 Kg7 26. Rc6 Ra4 27. Nxf6
Kxf6 28. h4 Rxc4 29. f4 Rb4 30. Kf3 Rb7 31. g4 Ke6 32. e4 Rb3+ 33. Ke2 Rg3 0-1

[Event "Balaguer op"]
[Site "?"]
[Date "2012.06.20"]
[Round "5"]
[White "Boyard, M."]
[Black "Quintas Galeano, L."]
[Result "1/2-1/2"]
[WhiteElo "2008"]
[BlackElo "2148"]
[PlyCount "21"]
[EventDate "2012.??.??"]
[EventType "swiss"]
[EventRounds "9"]

1. d4 Nf6 2. Nc3 d5 3. Bg5 e6 4. e4 Be7 5. e5 Nfd7 6. Bxe7 Qxe7 7. Qg4 O-O 8.
f4 Qb4 9. O-O-O c5 10. dxc5 Nxc5 11. Qg3 1/2-1/2

[Event "Balaguer op"]
[Site "?"]
[Date "2012.06.20"]
[Round "5"]
[White "Del Rey Santos, D."]
[Black "Aryan, Ch"]
[Result "1-0"]
[WhiteElo "2391"]
[BlackElo "1985"]
[PlyCount "107"]
[EventDate "2012.??.??"]
[EventType "swiss"]
[EventRounds "9"]

1. d4 d5 2. c4 c6 3. Nf3 Nf6 4. Qc2 e6 5. Bg5 Nbd7 6. e3 Be7 7. Nc3 O-O 8. Bd3
h6 9. Bh4 dxc4 10. Bxc4 b5 11. Be2 Bb7 12. a3 a6 13. b4 a5 14. Rb1 axb4 15.
axb4 Nd5 16. Bxe7 Qxe7 17. Qb2 N7b6 18. O-O Na4 19. Nxd5 exd5 20. Qc2 Nb6 21.
Qc5 Qxc5 22. dxc5 Nc4 23. Ra1 Rxa1 24. Rxa1 Ra8 25. Rxa8+ Bxa8 26. Nd4 Kf8 27.
Kf1 Nd2+ 28. Ke1 Ne4 29. f3 Ng5 30. Kd2 Ne6 31. Nf5 h5 32. Nd6 Ke7 33. f4 g6
34. f5 Nc7 35. Kc3 h4 36. fxg6 fxg6 37. Bg4 Kf6 38. Bc8 Ke5 39. Kd3 Ne6 40.
Bxe6 Kxe6 41. Kd4 Kf6 42. e4 dxe4 43. Kxe4 Ke6 44. g3 hxg3 45. hxg3 g5 46. Kd4
Kf6 47. g4 Ke6 48. Ne4 Bb7 49. Nxg5+ Ke7 50. Nf3 Kf6 51. Ke4 Bc8 52. Ne5 Bb7
53. Kf4 Kg7 54. Kg5 1-0

[Event "Balaguer op"]
[Site "?"]
[Date "2012.06.20"]
[Round "5"]
[White "Fabrega Ramon, S."]
[Black "Verdes Nadal, R."]
[Result "1/2-1/2"]
[WhiteElo "1763"]
[BlackElo "1979"]
[PlyCount "104"]
[EventDate "2012.??.??"]
[EventType "swiss"]
[EventRounds "9"]

1. c4 Nf6 2. Nc3 g6 3. e4 d6 4. d3 Bg7 5. Nge2 c6 6. g3 Bg4 7. Bg2 Bxe2 8. Qxe2
e5 9. O-O h5 10. Kh1 h4 11. h3 hxg3 12. fxg3 Qd7 13. Kg1 Qe6 14. Qf3 Nbd7 15.
b4 Bh6 16. g4 Bxc1 17. Raxc1 g5 18. Qf5 Nh7 19. b5 Rb8 20. Rb1 Qxf5 21. exf5 c5
22. Nd5 Nhf6 23. Nxf6+ Nxf6 24. Kf2 b6 25. Rb3 Rc8 26. Kg3 Ke7 27. Ra1 Rhd8 28.
Re1 Ng8 29. a4 Kf6 30. Rb2 Ne7 31. Rbe2 Rc7 32. a5 Rdd7 33. axb6 axb6 34. Ra2
Ra7 35. Rea1 Rxa2 36. Rxa2 d5 37. Ra6 Rd6 38. cxd5 Kg7 39. Kh2 Nxd5 40. Bxd5
Rxd5 41. Rxb6 Rxd3 42. Rc6 Rc3 43. b6 e4 44. b7 Rb3 45. Rxc5 Rxb7 46. Re5 Rb2+
47. Kg1 Re2 48. Kf1 Re3 49. Kg2 Kf6 50. Re8 Re2+ 51. Kf1 Rh2 52. Rxe4 Rxh3
1/2-1/2

[Event "Balaguer op"]
[Site "?"]
[Date "2012.06.20"]
[Round "5"]
[White "Fernandez Cardoso, A."]
[Black "Ramon Perez, JL."]
[Result "1-0"]
[WhiteElo "2427"]
[BlackElo "2249"]
[PlyCount "91"]
[EventDate "2012.??.??"]
[EventType "swiss"]
[EventRounds "9"]

1. e4 c5 2. Nf3 d6 3. d4 cxd4 4. Nxd4 Nf6 5. Nc3 a6 6. Be3 e5 7. Nb3 Be7 8. h3
Be6 9. Qf3 Nbd7 10. g4 h6 11. O-O-O Rc8 12. Nd5 Bxd5 13. exd5 Nb6 14. Kb1 Qc7
15. Bxb6 Qxb6 16. h4 g6 17. Rg1 Nd7 18. h5 Nc5 19. hxg6 fxg6 20. Nxc5 Qxc5 21.
Bd3 Rg8 22. g5 Bxg5 23. Qh3 Kd8 24. Rg3 Kc7 25. Bf5 gxf5 26. Rc3 Qxc3 27. Qxc3+
Kb8 28. Qa3 Rg6 29. Rg1 Rcg8 30. Qa4 R6g7 31. a3 e4 32. c4 Rc8 33. Qb4 Rd7 34.
Ka2 f4 35. c5 Rxc5 36. Qxe4 Re7 37. Qg6 Kc7 38. Rd1 Re2 39. Rd3 a5 40. Qg7+ Re7
41. Qf8 Re2 42. Rb3 Re7 43. Qa8 b6 44. Qa7+ Kc8 45. Qxb6 Rec7 46. Qxd6 1-0

[Event "Balaguer op"]
[Site "?"]
[Date "2012.06.20"]
[Round "5"]
[White "Foix Martinez, J."]
[Black "Marti Trilla, A."]
[Result "0-1"]
[WhiteElo "1671"]
[BlackElo "1378"]
[PlyCount "68"]
[EventDate "2012.??.??"]
[EventType "swiss"]
[EventRounds "9"]

1. e4 c5 2. d4 cxd4 3. Qxd4 Nc6 4. Qd5 Nf6 5. Qd3 d5 6. exd5 Qxd5 7. Nc3 Qxd3
8. Bxd3 e5 9. f4 Bb4 10. fxe5 Nxe5 11. Bb5+ Bd7 12. Bxd7+ Nfxd7 13. Nge2 O-O
14. O-O Bxc3 15. Nxc3 Rac8 16. Rf2 Rfe8 17. Nb5 Ng6 18. Nd6 Re1+ 19. Rf1 Rxf1+
20. Kxf1 Rxc2 21. Nxb7 Nde5 22. b3 Nd3 23. Ba3 Ngf4 24. g3 Rf2+ 25. Kg1 Nh3+
26. Kh1 h6 27. Rd1 Ne5 28. Bc5 Rxa2 29. Rf1 Ng4 30. Bg1 Nxg1 31. Kxg1 Nxh2 32.
Rd1 Nf3+ 33. Kf1 Nd2+ 34. Ke1 Nxb3 0-1

[Event "Balaguer op"]
[Site "?"]
[Date "2012.06.20"]
[Round "5"]
[White "Fortuny Profitos, J."]
[Black "Pera Lucas, E."]
[Result "1/2-1/2"]
[WhiteElo "1769"]
[BlackElo "1984"]
[PlyCount "50"]
[EventDate "2012.??.??"]
[EventType "swiss"]
[EventRounds "9"]

1. d4 d5 2. Nf3 Nf6 3. Bf4 e6 4. e3 Nbd7 5. c4 Bb4+ 6. Nc3 Ne4 7. Rc1 O-O 8.
Bd3 f5 9. cxd5 exd5 10. O-O c6 11. Ne5 Nxe5 12. Bxe5 Bd6 13. f4 Be6 14. Nxe4
fxe4 15. Be2 Qe7 16. Bxd6 Qxd6 17. Qe1 Rf6 18. Qh4 Raf8 19. Bg4 Bxg4 20. Qxg4
b6 21. b3 c5 22. Rfd1 Rf5 23. Qe2 cxd4 24. Rxd4 Qf6 25. Qd2 Qf7 1/2-1/2

[Event "Balaguer op"]
[Site "?"]
[Date "2012.06.20"]
[Round "5"]
[White "Guerra Mendez, JA."]
[Black "Cori Tello, J."]
[Result "1/2-1/2"]
[WhiteElo "2428"]
[BlackElo "2479"]
[PlyCount "94"]
[EventDate "2012.??.??"]
[EventType "swiss"]
[EventRounds "9"]

1. e4 e6 2. d4 d5 3. Nc3 Bb4 4. Nge2 dxe4 5. a3 Bxc3+ 6. Nxc3 Nc6 7. Bb5 Nge7
8. Bg5 f6 9. Be3 O-O 10. Qd2 e5 11. Bc4+ Kh8 12. d5 Nd4 13. Bxd4 exd4 14. Nxe4
Nxd5 15. O-O-O Nb6 16. Bb3 Bg4 17. f3 Bf5 18. Qxd4 Qxd4 19. Rxd4 Rae8 20. Nc5
Bc8 21. Rhd1 g5 22. Ba2 a5 23. b4 axb4 24. axb4 Kg7 25. Kd2 Re7 26. Re1 Rxe1
27. Kxe1 Re8+ 28. Kd2 f5 29. h4 h6 30. hxg5 hxg5 31. g3 Kf6 32. f4 Rh8 33. Bb3
Rh2+ 34. Ke3 Rh8 35. Rd3 gxf4+ 36. gxf4 Rh3+ 37. Kd4 Rh4 38. Rf3 Nd7 39. Nd3
Nf8 40. Rf2 Be6 41. Bxe6 Nxe6+ 42. Kc4 Ng5 43. b5 Ne6 44. Kd5 Rh8 45. Kc4 Rh4
46. Kd5 Rh8 47. Kc4 Rh4 1/2-1/2

[Event "Balaguer op"]
[Site "?"]
[Date "2012.06.20"]
[Round "5"]
[White "Gutierrez Martos, FE."]
[Black "Farre Selma, D."]
[Result "1-0"]
[WhiteElo "2038"]
[BlackElo "1868"]
[PlyCount "84"]
[EventDate "2012.??.??"]
[EventType "swiss"]
[EventRounds "9"]

1. c4 Nf6 2. g3 c6 3. Bg2 d5 4. Nf3 g6 5. O-O Bg7 6. cxd5 Nxd5 7. Nc3 O-O 8. d4
Bf5 9. Nh4 Be6 10. Ne4 Nb6 11. e3 Bd5 12. Qc2 N8d7 13. f4 e6 14. Bd2 a5 15.
Rae1 Nc4 16. Bc3 b5 17. b3 Na3 18. Qc1 b4 19. Bd2 Nb5 20. Nc5 Bxg2 21. Nxg2
Nxc5 22. Qxc5 Qd5 23. Rc1 Rfc8 24. Qc2 Na3 25. Qd3 c5 26. f5 exf5 27. Nf4 Qe4
28. Qxe4 fxe4 29. Nd5 Rd8 30. Rxc5 f5 31. Ne7+ Kh8 32. Nc6 Rdc8 33. Rxa5 Bf8
34. Rxa8 Rxa8 35. Bxb4 Bxb4 36. Nxb4 Rb8 37. Nc6 Rc8 38. Rc1 Nb5 39. Rc5 Nd6
40. d5 Nf7 41. b4 g5 42. Na7 Ra8 1-0

[Event "Balaguer op"]
[Site "?"]
[Date "2012.06.20"]
[Round "5"]
[White "Janev, E."]
[Black "Gomez Ledo, RC."]
[Result "1/2-1/2"]
[WhiteElo "2453"]
[BlackElo "2428"]
[PlyCount "99"]
[EventDate "2012.??.??"]
[EventType "swiss"]
[EventRounds "9"]

1. e4 d6 2. d4 Nf6 3. Nc3 e5 4. dxe5 dxe5 5. Qxd8+ Kxd8 6. Bc4 Ke8 7. Nf3 Bd6
8. Bg5 Nbd7 9. O-O-O a6 10. Rhe1 h6 11. Bh4 Kf8 12. h3 g6 13. g4 Kg7 14. a3 Re8
15. Re2 Rb8 16. Ba2 Nf8 17. Bg3 g5 18. Nd5 Nxd5 19. exd5 Ng6 20. Rde1 f6 21. c3
Rh8 22. Nd2 h5 23. f3 hxg4 24. hxg4 Rh3 25. Ne4 f5 26. gxf5 Bxf5 27. Rg1 Bxe4
28. Rxe4 Kf6 29. Rg4 Bc5 30. Rd1 Nf4 31. Bxf4 exf4 32. d6 Bxd6 33. Bd5 b6 34.
Re1 Be5 35. Rg2 Rd8 36. Bb7 Rd3 37. Rf1 a5 38. Kc2 Rd8 39. Re2 Re8 40. Rd1 Rhh8
41. Rd7 Bd6 42. Rg2 Re7 43. Rxe7 Bxe7 44. Re2 Bc5 45. b4 axb4 46. cxb4 Be3 47.
a4 Rh1 48. Kb3 Rb1+ 49. Rb2 Rxb2+ 50. Kxb2 1/2-1/2

[Event "Balaguer op"]
[Site "?"]
[Date "2012.06.20"]
[Round "5"]
[White "Martinez Duany, LS."]
[Black "Westerinen, H."]
[Result "1/2-1/2"]
[WhiteElo "2474"]
[BlackElo "2345"]
[PlyCount "70"]
[EventDate "2012.??.??"]
[EventType "swiss"]
[EventRounds "9"]

1. e4 e6 2. d4 d5 3. Nc3 dxe4 4. Nxe4 Bd7 5. Nf3 Bc6 6. Bd3 Nd7 7. O-O Ngf6 8.
Ng3 Be7 9. Re1 O-O 10. c4 Bb4 11. Rf1 Bxf3 12. Qxf3 c6 13. a3 Bd6 14. b4 Re8
15. Bb2 Qc7 16. Rfe1 Rad8 17. Re2 a5 18. c5 Bf8 19. Rae1 axb4 20. axb4 Nd5 21.
Bb1 N7f6 22. Qb3 b5 23. Ne4 Ra8 24. Nxf6+ Nxf6 25. Qd3 Red8 26. Qh3 Rd5 27. Re5
g6 28. f4 Bg7 29. Qf3 Rxe5 30. dxe5 Nd5 31. Re4 Ra4 32. Qb3 h5 33. g3 Qa7 34.
Kg2 Qd7 35. Kh3 Qa7 1/2-1/2

[Event "Balaguer op"]
[Site "?"]
[Date "2012.06.20"]
[Round "5"]
[White "Mellado Triviño, J."]
[Black "Sanikidze, T."]
[Result "0-1"]
[WhiteElo "2444"]
[BlackElo "2596"]
[PlyCount "60"]
[EventDate "2012.??.??"]
[EventType "swiss"]
[EventRounds "9"]

1. e4 c5 2. Nc3 Nc6 3. Bb5 g6 4. Bxc6 dxc6 5. d3 Bg7 6. f4 c4 7. Nf3 cxd3 8.
cxd3 Nf6 9. Be3 O-O 10. Ne5 Nd7 11. Nf3 b6 12. O-O Ba6 13. Rf2 c5 14. d4 Nf6
15. Ne5 cxd4 16. Bxd4 Bb7 17. Rd2 Qc8 18. Qe2 Qe6 19. Rad1 Rad8 20. g3 Rd6 21.
Nc4 Ba6 22. b3 Rc6 23. Bxf6 exf6 24. Nd5 Bxc4 25. bxc4 Rfc8 26. Nb4 Rxc4 27.
Rd8+ Bf8 28. Nd5 Rc2 29. Qd3 Qh3 30. Nxf6+ Kg7 0-1